Chuyên đề bồi dưỡng về đổi mới phương pháp dạy học và phương pháp kiểm tra đánh giá cho giáo viên bổ túc trung học phổ thông
Gorde:
| Formatua: | Liburua |
|---|---|
| Hizkuntza: | Vietnamese |
| Argitaratua: |
Hà Nội
Đại học quốc gia Hà Nội
2013
|
| Gaiak: | |
| Etiketak: |
Etiketa erantsi
Etiketarik gabe, Izan zaitez lehena erregistro honi etiketa jartzen!
|
| Thư viện lưu trữ: | Trung tâm Học liệu Lê Vũ Hùng, Trường Đại học Đồng Tháp |
|---|
| LEADER | 02833pam a22003498a 4500 | ||
|---|---|---|---|
| 001 | 00031208 | ||
| 005 | 20171026081025.0 | ||
| 008 | 130926s2013 ||||||viesd | ||
| 020 | # | # | |c 0 |
| 041 | 0 | # | |a vie |
| 082 | 1 | 4 | |a 373.11 |b CH527Đ |
| 245 | 1 | 0 | |a Chuyên đề bồi dưỡng về đổi mới phương pháp dạy học và phương pháp kiểm tra đánh giá cho giáo viên bổ túc trung học phổ thông |
| 260 | # | # | |a Hà Nội |b Đại học quốc gia Hà Nội |c 2013 |
| 300 | # | # | |a 151 tr. |c 27 cm. |
| 500 | # | # | |a Đầu bìa sách ghi: Bộ Giáo dục và Đào tạo MOET. Ngân hàng phát triển Châu Á ADB . Dự án PT GV THPT&TCCN- Trường Đại học Vinh |
| 653 | # | # | |a Dạy học |
| 653 | # | # | |a Chuyên đề bồi dưỡng |
| 653 | # | # | |a Giáo viên |
| 653 | # | # | |a Đổi mới phương pháp |
| 653 | # | # | |a Trung học phổ thông |
| 653 | # | # | |a Kiểm tra |
| 852 | # | # | |b Kho giáo trình |j KGT.0041937, KGT.0041938, KGT.0041939, KGT.0041940, KGT.0041941, KGT.0041942, KGT.0041943, KGT.0041944, KGT.0041945, KGT.0041946, KGT.0041947, KGT.0041948, KGT.0041949, KGT.0041950, KGT.0041951, KGT.0041952, KGT.0041953, KGT.0041954, KGT.0041955, KGT.0041956, KGT.0041957, KGT.0041958, KGT.0041959, KGT.0041960, KGT.0041961, KGT.0041962, KGT.0041963, KGT.0041964, KGT.0041965, KGT.0041966, KGT.0041967, KGT.0041968, KGT.0041969, KGT.0041970, KGT.0041971, KGT.0041972, KGT.0041973, KGT.0041974, KGT.0041975, KGT.0041976, KGT.0041977, KGT.0041978, KGT.0041979, KGT.0041980, KGT.0041981, KGT.0041982, KGT.0041983, KGT.0041984, KGT.0041985, KGT.0041986, KGT.0041987, KGT.0041988, KGT.0041989, KGT.0041990, KGT.0041991, KGT.0041992, KGT.0041993, KGT.0041994, KGT.0041995 |
| 852 | # | # | |j KGT.0041958 |j KGT.0041959 |j KGT.0041960 |j KGT.0041961 |j KGT.0041963 |j KGT.0041965 |j KGT.0041967 |j KGT.0041968 |j KGT.0041969 |j KGT.0041971 |j KGT.0041972 |j KGT.0041974 |j KGT.0041975 |j KGT.0041977 |j KGT.0041978 |j KGT.0041980 |j KGT.0041981 |j KGT.0041983 |j KGT.0041984 |j KGT.0041986 |j KGT.0041988 |j KGT.0041989 |j KGT.0041991 |j KGT.0041992 |j KGT.0041994 |j KGT.0041995 |j KD.0014993 |j KGT.0041937 |j KGT.0041939 |j KGT.0041940 |j KGT.0041942 |j KGT.0041943 |j KGT.0041945 |j KGT.0041946 |j KGT.0041948 |j KGT.0041949 |j KGT.0041951 |j KGT.0041952 |j KGT.0041954 |j KGT.0041955 |j KGT.0041938 |j KGT.0041941 |j KGT.0041944 |j KGT.0041947 |j KGT.0041950 |j KGT.0041953 |j KGT.0041956 |j KGT.0041957 |j KGT.0041962 |j KGT.0041964 |j KGT.0041966 |j KGT.0041970 |j KGT.0041973 |j KGT.0041976 |j KGT.0041979 |j KGT.0041982 |j KGT.0041985 |j KGT.0041987 |j KGT.0041990 |j KGT.0041993 |
| 852 | # | # | |b Kho đọc |j KD.0014993 |
| 852 | # | # | |b Kho mượn |j KGT.0041957 |
| 910 | |d 9/2013 | ||
| 980 | # | # | |a Trung tâm Học liệu Lê Vũ Hùng, Trường Đại học Đồng Tháp |